000 00374nam a22001457a 4500
005 20250812155311.0
020 _a9789395449250
100 _aRakesh kumar pandey
_9552
245 _aApplied complex analysis
260 _aNew Delhi
_bPinakin publishing
_c2023
300 _ax+279
650 _aFourier series
_9553
650 _aHyperbolic functions
_9554
942 _2ddc
_cBK
999 _c750931
_d750931